00558nam a2200193Ia 4500020001500000041001200015082001100027082001100038100001900049100002000068245005500088250002500143260001000168260003500178260000900213300005500222365000900277650007800286 a8189304658 aEnglish a662.66 bMOH/BI aMohammad Arif aZakwan Ahamed aBio-Diesel : Jatropha curcas ( A promising source) a1st  aDelhi bSatish serial publishing house c2009 a139p  a1295 aBio-Diesel, petro-plants, Jatropha, oil extraction properties of jatropha